Štefan Sokoly má formu na rekordy

Bibliographic Details
Main Author: Podolinský, Peter, 1974- (Author)
Format: Article
Language:Slovak
PhysicalDescription:Fotogr.
ISSN:1335-7581
Subjects:

MARC

LEADER 00000nab a2200000 a 4500
001 vtls008418506
003 SK-MaSNL
005 20260303070046.0
008 051214c20051208xo mr| 0 0slo
038 |a RVGKPD 
040 |a RVGKPD  |b slo  |c RVGKPD  |e AACR2 
041 0 |a slo 
044 |a xo  |c SK 
080 |a 796.894  |2 UDC-MRF-SK2 
100 1 |a Podolinský, Peter,  |d 1974-  |4 aut  |9 872876 
245 1 0 |a Štefan Sokoly má formu na rekordy  |c Peter Podolinský 
300 |b Fotogr. 
600 1 7 |a Sokoly, Štefan,  |d 1976-  |2 rvgkpd  |9 1036441 
650 0 7 |a silový šport  |2 rvgkpd  |9 1034995 
651 7 |a Rožňava (Slovensko)  |2 rvgkpd  |9 17394 
773 0 |t Korzár : Gemerský denník  |g Roč. VII, č. 283 (8.12.2005), s. 11  |x 1335-7581 
852 |a RVGKPD  |b KIS3G 
992 |a RBX 
999 |c 1753740  |d 1755670